| 000 | 00467nam a2200157Ia 4500 | ||
|---|---|---|---|
| 008 | 210210b2005 xxu||||| |||| 00| 0 eng d | ||
| 020 | _a81 86771 61 1 | ||
| 082 | _a305.4 RAOE | ||
| 100 | _aRAO (B Sambasiva) and KUMARI (Y Indira). | ||
| 245 | _aEmpowerment of women and rural development. | ||
| 260 |
_aN D _bSerials Publications _c2005 |
||
| 300 | _aviii,326 | ||
| 650 | _aWomen Empowerment Woman Rural Development | ||
| 690 | _aWomen Studies | ||
| 906 | _a060889 | ||
| 999 |
_c107943 _d107943 |
||